000 01285cam a2200361 4500
999 _c23459
_d23459
001 vtls012015233
005 20221012102338.0
008 210219s2021 xo gr 000 f slo
020 _a9788022022811
_q(viazané)
040 _aMIZKGZ
_bslo
_cMIZKGZ
_dSNK
_erda
041 1 _aslo
_heng
044 _axo
_cSK
072 7 _a821.111(73)-3
_xAmerická próza
_2konspekt
080 _a(0:82-312.5)
_22011
080 _a821.111(73)-31
_22011
100 1 _aFeather, Jane,
_d1945-
_4aut
_93685
240 1 0 _aSeduce me with sapphires
_lSlovensky
245 1 _aZafírové zvádzanie
_cJane Featherová ; z anglického originálu Seduce me with sapphires ... preložila Nina Mikušová
246 1 _iObálkový podnázov:
_aLáska je najvzácnejší drahokam
264 1 _aBratislava
_bSlovenský spisovateľ
_c2021
300 _a271 strán
_c21 cm
336 _atext
_btxt
_2rdacontent
337 _abez média
_bn
_2rdamedia
338 _azväzok
_bnc
_2rdacarrier
655 7 _aamerické romány
_2SNKPH
_92
655 7 _aľúbostné romány
_2SNKPH
_913
655 7 _aAmerican novels
_2SNKPHeng
_91670
655 7 _aLove novels
_2SNKPHeng
_91667
700 1 _aMikušová, Nina
_4trl
_93686
700 1 _aFeather, Jane,
_d1945-
_tDiamantové pokušenie
_93688
958 _aLX
958 _aUP